Využitie kvantitatívnych metód pri výskume trhu uplatnenie vysokoškolských absolventov na trhu práce na Slovensku

Gespeichert in:
Bibliographische Detailangaben
1. Verfasser: Šulavík, Adam
Körperschaft: Obchodná fakulta EU. Katedra marketingu
Weitere Verfasser: Baumöhl, Eduard, 1982-
Format: Buch
Sprache:Slowakisch
Veröffentlicht: Bratislava 2024
Tags: Tag hinzufügen
Keine Tags, Fügen Sie das erste Tag hinzu!

MARC

LEADER 00000nbm a2200000 4500
001 0302065
005 20250623102919.7
041 0 |a slo 
044 |a SK 
245 1 0 |a Využitie kvantitatívnych metód pri výskume trhu  |b uplatnenie vysokoškolských absolventov na trhu práce na Slovensku  |c Adam Šulavík ; školiteľ: Eduard Baumöhl 
264 1 |a Bratislava  |c 2024 
300 |a 45 s. 
100 1 |a Šulavík, Adam 
700 1 |a Baumöhl, Eduard, 1982- 
710 2 |a Obchodná fakulta EU. Katedra marketingu